Statystyki dla Żeńskie Imiona na literę O

Kliknij tutaj aby rozwiązać quiz!

Ogólne statystyki

  • Ten quiz został rozwiązany 559 razy
  • Średni wynik to 4 z 13

Statystyki odpowiedzi

Imiona% Poprawnych
Oliwia
89%
Ola
85%
Olga
66%
Otylia
48%
Oktawia
38%
Oksana
35%
Olena
27%
Ofelia
23%
Oda
14%
Odeta
11%
Oriana
8%
Orencja
3%
Otylda
3%

Rozkład punktacji

Percentyl według liczby udzielonych odpowiedzi

Procent ludzi z każdym wynikiem

Twoja historia wyników

Nie rozwiązałeś tego quizu